Estatísticas para Regiões do Brasil em 15 segundos

Clique aqui para jogar o quiz

Estatísticas Gerais

  • Esse quiz foi jogado 2 846 vezes
  • A pontuação média é 4 de 5

Respostas no mapa

Respostas codificadas por cores de uma escala verde-vermelha no mapa do quiz de acordo com a % correta abaixo.
 

Estatísticas das Respostas

Regiões% Correto
Norte
90%
Sul
87%
Nordeste
82%
Sudeste
73%
Centro-Oeste
66%

Distribuição das Pontuações

Percentil de Números Respondidos

Porcentagem de Pessoas com Cada Pontuação

Sua Pontuação Histórica

Você não jogou esse quiz